| 000 | 00502nam a22001457a 4500 | ||
|---|---|---|---|
| 005 | 20250303133326.0 | ||
| 008 | 250303b |||||||| |||| 00| 0 eng d | ||
| 040 |
_aKMU _cKMU _dKMU |
||
| 100 | _aBesa, Emmanuel | ||
| 245 |
_aAssessing the Profitability of Fish Trade in Muchinga Province: Case of Chinsali District, Muchinga Province of Zambia/ _cEmmanuel Besa |
||
| 260 |
_aChinsali: _bKapasa Makasa University, _c2021. |
||
| 300 |
_a28p.: _bill; _c30 cm. |
||
| 650 | _aFisheries and Aquac | ||
| 942 |
_cPR _n0 |
||
| 999 |
_c1773 _d1773 |
||